000 01011nam a2200313 i 4500
003 DO-SdBNP
005 20260505143853.0
007 ta
008 260324b2025 dr ||||| |||| 00| p spa d
020 _a9789945296532
040 _aDO-SdBNP
_bspa
_cBNPHU
_erda
041 _aspa
082 4 _aRD861.5
_bC697a
_222
100 1 _aCollado, Lizamavel
_eautor
_4aut.
_989267
245 1 0 _aAmor a contraluz /
_cLizamavel Collado ;
264 _aSanto Domingo, República Dominicana :
_bEditora Búho, S.R.L.,
_c2025.
300 _a41 páginas ;
_c23 cm.
336 _atexto
_btxt
_2rdacontent
337 _asin mediación
_bn
_2rdamedia
338 _avolumen
_bnc
_2rdacarrier
500 _aIncluye datos biográficos de la autora en las solapas
500 _aLa biblioteca posee 3 ejemplar autografiado por la autora
590 _aInventariado, 2026 LP
600 _20
650 7 _aPoesía dominicana
_2LEMB
650 7 _aLiteratura dominicana
_2LEMB
910 _aLP/Validado, 2026/MFF
942 _2ddc
_cLBS1
999 _c60527
_d60527